Business battles
Gespeichert in:
| 1. Verfasser: | |
|---|---|
| Format: | Buch |
| Sprache: | Undetermined |
| Veröffentlicht: |
Tokyo
Tokuma Shoten
1983
|
| Schlagworte: | |
| Tags: |
Tag hinzufügen
Keine Tags, Fügen Sie den ersten Tag hinzu!
|
| Thư viện lưu trữ: | Trung tâm Học liệu Trường Đại học Cần Thơ |
|---|
| LEADER | 00551nam a2200205Ia 4500 | ||
|---|---|---|---|
| 001 | CTU_93773 | ||
| 008 | 210402s9999 xx 000 0 und d | ||
| 082 | |a 923.33 | ||
| 082 | |b I.79 | ||
| 100 | |a Nobuo, Ishibashi | ||
| 245 | 0 | |a Business battles | |
| 245 | 0 | |c Nobuo Ishibashi ; Translation of: Tatakai No Shoho | |
| 260 | |a Tokyo | ||
| 260 | |b Tokuma Shoten | ||
| 260 | |c 1983 | ||
| 650 | |a Executives,Japanese businessmen | ||
| 650 | |x Biography | ||
| 650 | |z Japan | ||
| 904 | |i Ngoc | ||
| 980 | |a Trung tâm Học liệu Trường Đại học Cần Thơ | ||